|
|
|
|
| LEADER |
00000aas a2200000 a 4500 |
| 001 |
vtls008881155 |
| 003 |
SK-MaSNL |
| 005 |
20260425194212.0 |
| 008 |
160624c19879999xxuqr p 0 0 b0eng d |
| 022 |
|
|
|a 1086-1939
|
| 035 |
|
|
|a (SVKBB03)vtls000052954
|
| 040 |
|
|
|a SVKBB
|b slo
|c SVKBB
|d SNK
|e AACR2
|
| 041 |
0 |
|
|a eng
|
| 043 |
|
|
|a n-us---
|a e-xo---
|
| 044 |
|
|
|a xxu
|c US
|
| 080 |
|
|
|a 050
|2 2001
|
| 080 |
|
|
|a (=162.4)
|2 2001
|
| 080 |
|
|
|a (73)
|2 2001
|
| 080 |
|
|
|a (437.6)
|2 2001
|
| 080 |
|
|
|a 39
|2 2001
|
| 080 |
|
|
|a 929.5
|2 2001
|
| 210 |
0 |
|
|a Slovakia
|b (Rochester N.Y.)
|
| 222 |
|
0 |
|a Slovakia
|b (Rochester N.Y.)
|
| 245 |
0 |
0 |
|a Slovakia
|b a Slovak heritage newsletter
|
| 260 |
|
|
|a Rochester
|b Slovak Heritage & Folklore Society International
|c 1987-
|
| 300 |
|
|
|a zv.
|b ilustr.
|c 28 cm
|
| 310 |
|
|
|a 4x ročne
|
| 362 |
0 |
|
|a Vol. 1, no. 1 (Jan. 1987)-
|
| 500 |
|
|
|a Editor: Helene Cincebeaux
|
| 500 |
|
|
|a Niektoré roky majú chybné ročníkovanie a číslovanie
|
| 515 |
|
|
|a V roku 2013 je chybne označenie ročníka
|
| 515 |
|
|
|a V čísle 1,2/2014 je chybne uvedený ročník 27
|
| 650 |
0 |
7 |
|a Slováci v zahraničí
|2 SNKPH
|9 14695
|
| 650 |
0 |
7 |
|a etnografia
|2 SNKPH
|9 950
|
| 651 |
|
7 |
|a Slovensko
|2 SNKPHgeo
|9 14231
|
| 655 |
|
7 |
|a krajanské časopisy
|2 SNKPH
|9 270417
|
| 655 |
|
7 |
|a spravodajské časopisy
|2 SNKPH
|9 70527
|
| 700 |
1 |
|
|a Cincebeaux, Helene
|4 edt
|9 270418
|
| 852 |
|
|
|a Štátna vedecká knižnica v Banskej Bystrici
|
| 910 |
|
|
|a snk
|
| 999 |
|
|
|c 6872
|d 8802
|
| 952 |
|
|
|t č. 1-4, neúplné
|a SNK
|b SNK
|y PREZ
|7 0
|p 17A1433242
|o snkČSB 3943/32/2018
|i snk2020/23087
|8 2
|z Chýba č. 1-2
|0 0
|1 0
|4 0
|d 2020-12-17
|l 0
|r 2026-02-21 19:24:32
|w 2026-02-21
|
| 952 |
|
|
|t č. 1-4
|a SNK
|b SNK
|y PREZ
|7 0
|p 17A0870190
|o snkČSB 3943/26/2012
|i snk2014/19765
|8 2
|0 0
|1 0
|4 0
|d 2014-09-26
|l 0
|r 2026-02-21 19:34:00
|w 2026-02-21
|
| 952 |
|
|
|t č. 1-4
|a SNK
|b SNK
|y PREZ
|7 0
|p 17A0870191
|o snkČSB 3943/26/2012 D1
|i snk2014/19772
|8 2
|0 0
|1 0
|4 0
|d 2014-09-26
|l 0
|r 2026-02-21 19:34:00
|w 2026-02-21
|
| 952 |
|
|
|t č. 1-4, neúplné
|a SNK
|b SNK
|y PREZ
|7 3
|p 17A0582149
|o snkČSB 3943/19/2005 D1
|i snk2008/14325
|8 2
|z Chýba č. 3,4.
|0 0
|1 0
|4 0
|d 2008-07-18
|l 0
|r 2026-02-21 20:21:56
|w 2026-02-21
|
| 952 |
|
|
|t č. 1-4
|a SNK
|b SNK
|y PREZ
|7 0
|p 17A0694790
|o snkČSB 3943/23/2009
|i snk2011/22197
|8 2
|0 0
|1 0
|4 0
|d 2011-11-03
|l 0
|r 2026-02-21 20:29:47
|w 2026-02-21
|
| 952 |
|
|
|t č. 1-4
|a SNK
|b SNK
|y PREZ
|7 0
|p 17A0694791
|o snkČSB 3943/23/2009 D1
|i snk2011/22199
|8 2
|0 0
|1 0
|4 0
|d 2011-11-03
|l 0
|r 2026-02-21 20:29:47
|w 2026-02-21
|
| 952 |
|
|
|t č. 1-4
|a SNK
|b SNK
|y PREZ
|7 0
|p 17A0164398
|o snkČSB 3943/8/1994
|0 0
|1 0
|4 0
|d 1998-10-16
|l 0
|r 2005-01-02 00:00:00
|w 2026-02-21
|
| 952 |
|
|
|t č. 1-4
|a SNK
|b SNK
|y PREZ
|7 0
|p 17A0582143
|o snkČSB 3943/16/2002
|i snk2008/14318
|8 2
|0 0
|1 0
|4 0
|d 2008-07-18
|l 0
|r 2026-02-21 21:29:59
|w 2026-02-21
|
| 952 |
|
|
|t č. 1-4
|a SNK
|b SNK
|y PREZ
|7 0
|p 17A0582142
|o snkČSB 3943/16/2002 D1
|i snk2008/14319
|8 2
|0 0
|1 0
|4 0
|d 2008-07-18
|l 0
|r 2026-02-21 21:29:59
|w 2026-02-21
|
| 952 |
|
|
|t č. 1-4
|a SNK
|b SNK
|y PREZ
|7 0
|p 17A0582144
|o snkČSB 3943/17/2003
|i snk2008/14320
|8 2
|0 0
|1 0
|4 0
|d 2008-07-18
|l 0
|r 2026-02-21 21:29:59
|w 2026-02-21
|
| 952 |
|
|
|t č. 1-4
|a SNK
|b SNK
|y PREZ
|7 0
|p 17A0582145
|o snkČSB 3943/17/2003 D1
|i snk2008/14321
|8 2
|0 0
|1 0
|4 0
|d 2008-07-18
|l 0
|r 2026-02-21 21:29:59
|w 2026-02-21
|
| 952 |
|
|
|t č. 1-4, neúplné
|a SNK
|b SNK
|y PREZ
|7 0
|p 17A0582146
|o snkČSB 3943/18/2004
|i snk2008/14322
|8 2
|z Chýba č. 2.
|0 0
|1 0
|4 0
|d 2008-07-18
|l 0
|r 2026-02-21 21:29:59
|w 2026-02-21
|
| 952 |
|
|
|t č. 1-4, neúplné
|a SNK
|b SNK
|y PREZ
|7 0
|p 17A0582147
|o snkČSB 3943/18/2004 D1
|i snk2008/14323
|8 2
|z Chýba č. 2
|0 0
|1 0
|4 0
|d 2008-07-18
|l 0
|r 2026-02-21 21:29:59
|w 2026-02-21
|
| 952 |
|
|
|t č. 1-4, neúplné
|a SNK
|b SNK
|y PREZ
|7 0
|p 17A0582148
|o snkČSB 3943/19/2005
|i snk2008/14324
|8 2
|z Chýba č. 3,4.
|0 0
|1 0
|4 0
|d 2008-07-18
|l 0
|r 2026-02-21 21:29:59
|w 2026-02-21
|
| 952 |
|
|
|t č. 1-4
|a SNK
|b SNK
|y PREZ
|7 0
|p 17A0870188
|o snkČSB 3943/25/2011
|i snk2014/19742
|8 2
|0 0
|1 0
|4 0
|d 2014-09-26
|l 0
|r 2026-02-21 21:44:27
|w 2026-02-21
|
| 952 |
|
|
|t č. 1-4
|a SNK
|b SNK
|y PREZ
|7 0
|p 17A0870189
|o snkČSB 3943/25/2011 D1
|i snk2014/19753
|8 2
|0 0
|1 0
|4 0
|d 2014-09-26
|l 0
|r 2026-02-21 21:44:27
|w 2026-02-21
|
| 952 |
|
|
|t č. 1-4
|a SNK
|b SNK
|y PREZ
|7 0
|p 17A1097805
|o snkČSB 3943/26[27]/2013
|i snk2016/1839
|8 2
|0 0
|1 0
|4 0
|d 2016-01-25
|l 0
|r 2026-02-21 21:53:53
|w 2026-02-21
|
| 952 |
|
|
|t č. 1-4
|a SNK
|b SNK
|y PREZ
|7 0
|p 17A1097806
|o snkČSB 3943/26[27]/2013 D1
|i snk2016/1843
|8 2
|0 0
|1 0
|4 0
|d 2016-01-25
|l 0
|r 2026-02-21 21:53:53
|w 2026-02-21
|
| 952 |
|
|
|t č. 1-4
|a SNK
|b SNK
|y PREZ
|7 0
|p 17A1205809
|o snkČSB 3943/28/2014
|i snk2017/7736
|8 2
|0 0
|1 0
|4 0
|d 2017-03-29
|l 0
|r 2026-02-21 22:04:21
|w 2026-02-21
|
| 952 |
|
|
|t č. 1-4
|a SNK
|b SNK
|y PREZ
|7 0
|p 17A1205810
|o snkČSB 3943/28/2014 D1
|i snk2017/7738
|8 2
|0 0
|1 0
|4 0
|d 2017-03-29
|l 0
|r 2026-02-21 22:04:21
|w 2026-02-21
|
| 952 |
|
|
|t č. 1-4
|a SNK
|b SNK
|y PREZ
|7 0
|p 17A1368124
|o snkČSB 3943/30/2016
|i snk2019/15461
|8 2
|0 0
|1 0
|4 0
|d 2019-06-05
|l 0
|r 2026-02-21 22:14:34
|w 2026-02-21
|
| 952 |
|
|
|t č. 1-4
|a SNK
|b SNK
|y PREZ
|7 0
|p 17A1368125
|o snkČSB 3943/30/2016 D1
|i snk2019/15464
|8 2
|0 0
|1 0
|4 0
|d 2019-06-05
|l 0
|r 2026-02-21 22:14:35
|w 2026-02-21
|
| 952 |
|
|
|t č. 1-4
|a SNK
|b SNK
|y PREZ
|7 0
|p 17A1099109
|o snkČSB 3943/20/2006
|i snk2016/10169
|8 2
|0 0
|1 0
|4 0
|d 2016-04-21
|l 0
|r 2026-02-21 22:16:24
|w 2026-02-21
|
| 952 |
|
|
|t č. 1-4, neúplné
|a SNK
|b SNK
|y PREZ
|7 0
|p 17A1099108
|o snkČSB 3943/21/2007
|i snk2016/10170
|8 2
|z chýba č. 1-2
|0 0
|1 0
|4 0
|d 2016-04-21
|l 0
|r 2026-02-21 22:16:24
|w 2026-02-21
|
| 952 |
|
|
|t č. 1-4, neúplné
|a SNK
|b SNK
|y PREZ
|7 0
|p 17A1099107
|o snkČSB 3943/21/2007 D1
|i snk2016/10171
|8 2
|z chýba č. 1-2
|0 0
|1 0
|4 0
|d 2016-04-21
|l 0
|r 2026-02-21 22:16:24
|w 2026-02-21
|
| 952 |
|
|
|t č. 1-4
|a SNK
|b SNK
|y PREZ
|7 0
|p 17A1099106
|o snkČSB 3943/22/2008
|i snk2016/10183
|8 2
|0 0
|1 0
|4 0
|d 2016-04-21
|l 0
|r 2026-02-21 22:16:24
|w 2026-02-21
|
| 952 |
|
|
|t č. 1-4
|a SNK
|b SNK
|y PREZ
|7 0
|p 17A1099105
|o snkČSB 3943/22/2008 D1
|i snk2016/10184
|8 2
|0 0
|1 0
|4 0
|d 2016-04-21
|l 0
|r 2026-02-21 22:16:24
|w 2026-02-21
|
| 952 |
|
|
|t č. 1-4
|a SNK
|b SNK
|y PREZ
|7 0
|p 17A1099104
|o snkČSB 3943/24/2010
|i snk2016/10188
|8 2
|0 0
|1 0
|4 0
|d 2016-04-21
|l 0
|r 2026-02-21 22:16:24
|w 2026-02-21
|
| 952 |
|
|
|t č. 1-4
|a SNK
|b SNK
|y PREZ
|7 0
|p 17A1099103
|o snkČSB 3943/24/2010 D1
|i snk2016/10190
|8 2
|0 0
|1 0
|4 0
|d 2016-04-21
|l 0
|r 2026-02-21 22:16:24
|w 2026-02-21
|
| 952 |
|
|
|t č. 1-4, neúplné
|a SNK
|b SNK
|y PREZ
|7 0
|p 17A1432218
|o snkČSB 3943/31/2017
|i snk2020/19803
|8 2
|z Chýba č. 1-2
|0 0
|1 0
|4 0
|d 2020-10-27
|l 0
|r 2026-02-21 22:23:26
|w 2026-02-21
|
| 952 |
|
|
|t č. 1-4
|a SNK
|b SNK
|y PREZ
|7 0
|p 17A1267057
|o snkČSB 3943/29/2015
|i snk2018/2542
|8 2
|0 0
|1 0
|4 0
|d 2018-01-29
|l 0
|r 2026-02-21 22:26:10
|w 2026-02-21
|
| 952 |
|
|
|t č. 1-4, neúplné
|a SNK
|b SNK
|y PREZ
|7 0
|p 17A1267058
|o snkČSB 3943/29/2015 D1
|i snk2018/2548
|8 2
|z Chýba č. 3-4
|0 0
|1 0
|4 0
|d 2018-01-29
|l 0
|r 2026-02-21 22:26:10
|w 2026-02-21
|
| 952 |
|
|
|t č. 1-4, neúplné
|a SNK
|b SNK
|y PREZ
|7 0
|p 17A1267059
|o snkČSB 3943/20/2006 D1
|i snk2018/2777
|8 2
|z Chýba č. 1,2
|0 0
|1 0
|4 0
|d 2018-01-31
|l 0
|r 2026-02-21 22:26:33
|w 2026-02-21
|